000 00681nam a22002297a 4500
003 UA-OsUOA
001 22182
007 ta
008 20031217b un ||||| |||| 00| 0 ukr d
100 _aДенис О.Б.
090 _a330(477)
_bД33
942 _cSA
040 _aUA-OsUOA
_bukr
_cUA-OsUOA
_dUA-OsUOA
245 _aАналіз результатів використання акціонерного капіталу в Україні
300 _aС.107-114
955 _a0
041 _aukr
080 _a330(477)
044 _aUA
773 0 _w0
_tРегіональна економіка
_dЛьвів
_d2003
_g№3
650 7 _aЕкономіка України
_2UDC
999 _c308397
_d308397